| 000 | 00335nam a2200121Ia 4500 | ||
|---|---|---|---|
| 008 | 191014s9999 xx 000 0 und d | ||
| 082 |
_a530.12 _bREI |
||
| 100 |
_aHans Reichenbach _920355 |
||
| 245 | 0 | _aPhilosophic Foundations of Quantum Mechanics | |
| 260 |
_aUK _bCambridge University Press _c1965 |
||
| 300 | _aX,182 | ||
| 942 | _cBK | ||
| 999 |
_c530932 _d530932 |
||